[Event "Chigorin Memorial 22nd"]
[Site "St Petersburg"]
[Date "2014.10.23"]
[Round "6"]
[White "Zhemchuzhina, Elizaveta"]
[Black "Gorin, Alexandr"]
[Result "0-1"]
[WhiteElo "1810"]
[BlackElo "2000"]
[PlyCount "60"]
[EventDate "2014.10.18"]
[EventType "swiss"]
[EventRounds "9"]
[EventCountry "RUS"]
[SourceTitle "EXT 2015"]
[Source "ChessBase"]
[SourceDate "2014.11.20"]
[SourceVersion "1"]
[SourceVersionDate "2014.11.20"]
[SourceQuality "1"]

1. d4 g6 2. c4 Bg7 3. e4 d6 4. Nc3 Nc6 5. d5 Nb8 6. f4 c5 7. Nf3 Bg4 8. Be2 Nd7 9. Be3 Ngf6 10. Ng5 Bxe2 11. Qxe2 0-0 12. 0-0 a6 13. h3 b5 14. cxb5 axb5 15. Qxb5 Rb8 16. Qe2 Qb6 17. Rab1 Nh5 18. g4 Ng3 19. Qc2 Nxf1 20. Kxf1 Bd4 21. Bd2 Qa6+ 22. Kg2 Nb6 23. b3 Rfc8 24. Rc1 Ra8 25. a4 c4 26. Nb5 cxb3 27. Qxb3 Bg7 28. a5 Nc4 29. Be3 Nxe3+ 30. Qxe3 Rab8 0-1

[Event "Heart of Finland op 23rd"]
[Site "Jyvaskyla"]
[Date "2013.07.11"]
[Round "5"]
[White "Jarvenpaa, Jari"]
[Black "Gorin, Alexandr"]
[Result "1-0"]
[WhiteElo "2271"]
[BlackElo "2059"]
[PlyCount "89"]
[EventDate "2013.07.08"]
[EventType "swiss"]
[EventRounds "9"]
[EventCountry "FIN"]
[SourceTitle "CBM 155 Extra"]
[Source "ChessBase"]
[SourceDate "2013.08.26"]
[SourceVersion "1"]
[SourceVersionDate "2013.08.26"]
[SourceQuality "1"]

1. c4 g6 2. d4 Bg7 3. Nc3 d6 4. e4 Nc6 5. d5 Nb8 6. Be3 c5 7. f4 a6 8. Be2 Bd7 9. Qb3 b5 10. cxb5 axb5 11. Bxb5 Bxb5 12. Qxb5+ Nd7 13. Qd3 Nh6 14. Nf3 0-0 15. h3 Qb8 16. Rb1 Rc8 17. 0-0 f5 18. Ng5 Nf8 19. Bf2 Qb7 20. Rfe1 Re8 21. e5 Qb4 22. Qd2 Nf7 23. Nf3 Bh6 24. g3 dxe5 25. Nxe5 Nxe5 26. Rxe5 Bg7 27. Re2 Rad8 28. Rbe1 Bf6 29. Qc2 Rd6 30. Na4 Rxd5 31. a3 Qa5 32. Qc4 e6 33. Nxc5 Rc8 34. b4 Qd8 35. Qb3 Kg7 36. a4 Rd2 37. Nxe6+ Nxe6 38. Qxe6 Rxe2 39. Qxe2 Ra8 40. Rd1 Qf8 41. Rd7+ Kh8 42. Qe6 Bg7 43. Bc5 Qf6 44. Qxf6 Bxf6 45. a5 1-0

[Event "Riazan-ch"]
[Site "Riazan"]
[Date "2010.04.??"]
[Round "?"]
[White "Gorin, Alexandr"]
[Black "Zhuljaev, Anton"]
[Result "0-1"]
[WhiteElo "2189"]
[BlackElo "2016"]
[PlyCount "54"]
[EventDate "2010.04.??"]
[EventType "swiss"]
[EventRounds "11"]
[EventCountry "RUS"]
[SourceTitle "EXT 2011"]
[Source "ChessBase"]
[SourceDate "2010.11.26"]
[SourceVersion "1"]
[SourceVersionDate "2010.11.26"]
[SourceQuality "1"]

1. c4 Nf6 2. Nc3 g6 3. g3 Bg7 4. Bg2 0-0 5. e3 e6 6. b3 d5 7. d4 c5 8. Nge2 cxd4 9. exd4 Nc6 10. 0-0 Qa5 11. Be3 Rd8 12. c5 b6 13. a3 bxc5 14. dxc5 Ne4 15. b4 Nxc3 16. Nxc3 Qc7 17. Bd2 Ba6 18. Re1 d4 19. Ne4 d3 20. Rb1 Nd4 21. Bg5 Rd7 22. Nf6+ Bxf6 23. Bxf6 Ne2+ 24. Kh1 Bb7 25. Qd2 e5 26. Qh6 Bxg2+ 27. Kxg2 Qc6+ 0-1

[Event "Riazan-ch"]
[Site "Riazan"]
[Date "2010.04.??"]
[Round "?"]
[White "Sosnitskaja, Alena"]
[Black "Gorin, Alexandr"]
[Result "1/2-1/2"]
[WhiteElo "1837"]
[BlackElo "2189"]
[PlyCount "89"]
[EventDate "2010.04.??"]
[EventType "swiss"]
[EventRounds "11"]
[EventCountry "RUS"]
[SourceTitle "EXT 2011"]
[Source "ChessBase"]
[SourceDate "2010.11.26"]
[SourceVersion "1"]
[SourceVersionDate "2010.11.26"]
[SourceQuality "1"]

1. d4 Nf6 2. Nf3 g6 3. g3 Bg7 4. Bg2 0-0 5. 0-0 d6 6. b3 Nbd7 7. Bb2 c6 8. c4 Qc7 9. Nbd2 Re8 10. e4 e5 11. dxe5 dxe5 12. Qc2 Nf8 13. c5 b5 14. cxb6 axb6 15. Nxe5 Rxe5 16. Bxe5 Qxe5 17. Qxc6 Rb8 18. Nc4 Qe6 19. Qxe6 Nxe6 20. Rad1 Ba6 21. Rd2 Nc5 22. f3 Nfd7 23. Rfd1 Bxc4 24. bxc4 Ne5 25. Rd8+ Rxd8 26. Rxd8+ Bf8 27. f4 Nxc4 28. e5 Kg7 29. Bd5 Ne3 30. Kf2 Nxd5 31. Rxd5 Ne4+ 32. Kf3 Nc3 33. Rd7 Kg8 34. Rb7 Bc5 35. Ra7 h5 36. h3 Nb5 37. Rd7 Nc3 38. Ra7 Nb5 39. Rd7 Nc3 40. Ra7 Nb5 41. Rd7 Kf8 42. g4 Ke8 43. Rd3 hxg4+ 44. hxg4 Ke7 45. Ke4 1/2-1/2

[Event "RSSU-18 op"]
[Site "Moscow"]
[Date "2009.10.25"]
[Round "6"]
[White "Kozlov, Gennady"]
[Black "Gorin, Alexandr"]
[Result "1-0"]
[WhiteElo "2287"]
[BlackElo "2055"]
[PlyCount "50"]
[EventDate "2009.10.17"]
[EventType "swiss"]
[EventRounds "9"]
[EventCountry "RUS"]
[SourceTitle "EXT 2022"]
[Source "ChessBase"]
[SourceDate "2021.10.06"]
[SourceVersion "1"]
[SourceVersionDate "2021.10.06"]
[SourceQuality "1"]

1. e4 g6 2. d4 Bg7 3. Nc3 d6 4. Be3 c6 5. Qd2 a5 6. a4 Na6 7. f4 Nf6 8. Nf3 Bg4 9. Be2 Nc7 10. h3 Bxf3 11. Bxf3 Nd7 12. e5 Nb6 13. Qe2 0-0 14. 0-0-0 d5 15. h4 Nc4 16. h5 e6 17. b3 Nxe3 18. Qxe3 Re8 19. hxg6 fxg6 20. g4 Rf8 21. Be2 Na6 22. Kb1 c5 23. Qh3 Kf7 24. f5 Rh8 25. fxe6+ Ke8 1-0

[Event "RSSU-18 op"]
[Site "Moscow"]
[Date "2009.10.24"]
[Round "5"]
[White "Gorin, Alexandr"]
[Black "Apryshko, Gleb"]
[Result "1-0"]
[WhiteElo "2055"]
[BlackElo "2174"]
[PlyCount "75"]
[EventDate "2009.10.17"]
[EventType "swiss"]
[EventRounds "9"]
[EventCountry "RUS"]
[SourceTitle "EXT 2022"]
[Source "ChessBase"]
[SourceDate "2021.10.06"]
[SourceVersion "1"]
[SourceVersionDate "2021.10.06"]
[SourceQuality "1"]

1. d4 Nf6 2. g3 g6 3. Bg2 Bg7 4. e4 d6 5. Ne2 0-0 6. 0-0 e5 7. dxe5 dxe5 8. Qxd8 Rxd8 9. Nbc3 c6 10. f3 b5 11. a3 a5 12. Be3 Ba6 13. Bb6 Rd2 14. Bxa5 b4 15. Bxb4 Rxe2 16. Nxe2 Bxe2 17. Rfe1 Bc4 18. Bh3 Bb5 19. a4 Bc4 20. Red1 Na6 21. Be7 Be2 22. Rd2 Bxf3 23. Bxf6 Bxf6 24. Rf2 Bxe4 25. Rxf6 Nb4 26. c3 Nd3 27. b4 Bd5 28. Bf1 Kg7 29. Rd6 e4 30. b5 Ne5 31. c4 Bxc4 32. Bxc4 Nxc4 33. Rxc6 Ne5 34. Rc7 Rd8 35. Kf2 Kf6 36. Ke3 Ng4+ 37. Kxe4 Rd2 38. h3 1-0

[Event "RSSU-18 op"]
[Site "Moscow"]
[Date "2009.10.20"]
[Round "3"]
[White "Gorin, Alexandr"]
[Black "Babarykin, Stanislav"]
[Result "0-1"]
[WhiteElo "2055"]
[BlackElo "2186"]
[PlyCount "64"]
[EventDate "2009.10.17"]
[EventType "swiss"]
[EventRounds "9"]
[EventCountry "RUS"]
[SourceTitle "EXT 2022"]
[Source "ChessBase"]
[SourceDate "2021.10.06"]
[SourceVersion "1"]
[SourceVersionDate "2021.10.06"]
[SourceQuality "1"]

1. d4 d5 2. g3 c5 3. Nf3 cxd4 4. Nxd4 e5 5. Nb3 Nc6 6. Bg2 Be6 7. Nc3 d4 8. Ne4 Bd5 9. f3 f5 10. Nf2 Nf6 11. 0-0 Qb6 12. Bg5 0-0-0 13. a4 h6 14. Bxf6 gxf6 15. a5 Qb5 16. Bh3 Ne7 17. Nd3 Kb8 18. Qe1 h5 19. Bg2 h4 20. h3 Bh6 21. Ra3 Rdg8 22. e4 dxe3 23. Qc3 Rxg3 24. Kh1 e2 25. Re1 Rhg8 26. Nxe5 Rxg2 27. Nd4 Bf4 28. Ng4 fxg4 29. hxg4 Rh2+ 30. Kg1 Rxg4+ 31. fxg4 Rh1+ 32. Kf2 Rf1+ 0-1

[Event "Riazan Region-ch"]
[Site "Riazan"]
[Date "2009.10.??"]
[Round "?"]
[White "Gorin, Alexandr"]
[Black "Juzbashev, Vladimir"]
[Result "1-0"]
[WhiteElo "2138"]
[BlackElo "2077"]
[PlyCount "77"]
[EventDate "2009.10.??"]
[EventType "tourn"]
[EventRounds "13"]
[EventCountry "RUS"]
[SourceTitle "EXT 2012"]
[Source "ChessBase"]
[SourceDate "2011.11.24"]
[SourceVersion "1"]
[SourceVersionDate "2011.11.24"]
[SourceQuality "1"]

1. c4 c6 2. e4 d5 3. exd5 cxd5 4. d4 Nf6 5. Nc3 e6 6. Nf3 Be7 7. Bd3 Nc6 8. 0-0 Nb4 9. c5 Nxd3 10. Qxd3 0-0 11. b4 Bd7 12. Be3 a5 13. b5 a4 14. a3 Ne4 15. Rfb1 Nxc3 16. Qxc3 Qa5 17. Qd3 Rfc8 18. Ra2 f6 19. Rc2 Qd8 20. Qe2 Qe8 21. Rcb2 g5 22. h3 Qg6 23. Ne1 Bf8 24. f4 h6 25. fxg5 hxg5 26. Bf2 Re8 27. Nd3 e5 28. dxe5 Bf5 29. Rd1 Be4 30. Nb4 Rxe5 31. Qd2 Rc8 32. c6 Bxb4 33. cxb7 Rb8 34. Qxb4 Bc2 35. Rc1 Bb3 36. Rc7 Rf5 37. Rc8+ Kh7 38. Rxb8 Rxf2 39. Rh8+ 1-0

[Event "Moscow op-A"]
[Site "Moscow"]
[Date "2009.02.08"]
[Round "9"]
[White "Gorin, Alexandr"]
[Black "Kotov, Alexander2222"]
[Result "1/2-1/2"]
[WhiteElo "2004"]
[BlackElo "2203"]
[PlyCount "65"]
[EventDate "2009.01.31"]
[EventType "swiss"]
[EventRounds "9"]
[EventCountry "RUS"]
[SourceTitle "EXT 2023"]
[Source "ChessBase"]
[SourceDate "2022.10.05"]
[SourceVersion "1"]
[SourceVersionDate "2022.10.05"]
[SourceQuality "1"]

1. d4 Nf6 2. Nf3 c5 3. g3 cxd4 4. Nxd4 d5 5. Bg2 e5 6. Nf3 Nc6 7. 0-0 h6 8. b3 Be6 9. Bb2 Bd6 10. e3 0-0 11. Qe2 Qd7 12. Rd1 Bg4 13. h3 Bxh3 14. e4 d4 15. c3 Bg4 16. cxd4 exd4 17. Bxd4 Nxd4 18. Rxd4 Qe7 19. Nc3 Be5 20. Rd3 Rfe8 21. Re1 Bxc3 22. Rxc3 Nxe4 23. Re3 f5 24. Qc4+ Qf7 25. Nh2 Bh5 26. g4 Qxc4 27. bxc4 Bf7 28. gxf5 Nc5 29. Ng4 Rad8 30. Ne5 Rd2 31. Nxf7 Rxe3 32. Nxh6+ gxh6 33. Rxe3 1/2-1/2

[Event "Moscow op-A"]
[Site "Moscow"]
[Date "2009.02.01"]
[Round "2"]
[White "Gorin, Alexandr"]
[Black "Novichkov, Valery"]
[Result "0-1"]
[WhiteElo "2004"]
[BlackElo "2400"]
[PlyCount "70"]
[EventDate "2009.01.31"]
[EventType "swiss"]
[EventRounds "9"]
[EventCountry "RUS"]
[SourceTitle "EXT 2022"]
[Source "ChessBase"]
[SourceDate "2021.10.06"]
[SourceVersion "1"]
[SourceVersionDate "2021.10.06"]
[SourceQuality "1"]

1. d4 Nf6 2. Nf3 e6 3. Bg5 c5 4. Bxf6 Qxf6 5. e3 b6 6. c3 Bb7 7. Nbd2 Qd8 8. Bd3 Be7 9. 0-0 0-0 10. Rc1 d6 11. Bb1 Nd7 12. Re1 Qc7 13. Qc2 g6 14. Qd3 Rad8 15. e4 e5 16. Qe3 Rfe8 17. a3 Nf6 18. d5 Bf8 19. Bd3 Ng4 20. Qe2 Bh6 21. Rcd1 Bc8 22. h3 Nf6 23. Kh2 Nh5 24. g3 Rf8 25. Ng1 Rde8 26. Ba6 Bxa6 27. Qxa6 f5 28. exf5 gxf5 29. Qe2 Qf7 30. Nc4 Rd8 31. Rf1 Kh8 32. Ne3 Qg6 33. Ng2 e4 34. Rde1 Rde8 35. g4 f4 0-1

[Event "Moscow op-A"]
[Site "Moscow"]
[Date "2009.01.31"]
[Round "1"]
[White "Nazaryev, Sergey"]
[Black "Gorin, Alexandr"]
[Result "1-0"]
[WhiteElo "2236"]
[BlackElo "2004"]
[PlyCount "95"]
[EventDate "2009.01.31"]
[EventType "swiss"]
[EventRounds "9"]
[EventCountry "RUS"]
[SourceTitle "EXT 2022"]
[Source "ChessBase"]
[SourceDate "2021.10.06"]
[SourceVersion "1"]
[SourceVersionDate "2021.10.06"]
[SourceQuality "1"]

1. d4 Nf6 2. Nf3 b6 3. g3 Bb7 4. Bg2 e6 5. 0-0 Be7 6. c4 0-0 7. Nc3 Ne4 8. Qc2 Nxc3 9. Qxc3 d5 10. cxd5 Bxd5 11. Bf4 Bd6 12. Rfc1 a5 13. a3 Bxf4 14. gxf4 Bxf3 15. Qxf3 Ra7 16. e3 a4 17. Rc4 g5 18. Rac1 g4 19. Qxg4+ Kh8 20. Qg5 f6 21. Qh4 Rg8 22. Kf1 c5 23. Be4 Rag7 24. Ke2 Nd7 25. Rxa4 b5 26. Ra8 Qe7 27. Rxg8+ Kxg8 28. dxc5 Nxc5 29. b4 Nd7 30. f5 Nb6 31. Qf4 e5 32. Qf3 h6 33. Bd5+ Kh7 34. Be6 Qa7 35. Rc3 Na4 36. Rc2 Nb6 37. Qc6 e4 38. Qxe4 Qxa3 39. Qd4 Na4 40. Kf3 Nb6 41. Qxb6 Qd3 42. Rc1 Qd2 43. Qc5 h5 44. Ra1 Kh6 45. Qd4 Qc2 46. Qxf6+ Kh7 47. Bd5 Qc7 48. Ra6 1-0

[Event "Prague op-A 08th"]
[Site "Prague"]
[Date "2009.01.13"]
[Round "6"]
[White "Welz, Peter"]
[Black "Gorin, Alexandr"]
[Result "0-1"]
[WhiteElo "2232"]
[BlackElo "2004"]
[PlyCount "64"]
[EventDate "2009.01.09"]
[EventType "swiss"]
[EventRounds "9"]
[EventCountry "CZE"]
[SourceTitle "CBM 128 Extra"]
[Source "ChessBase"]
[SourceDate "2009.03.05"]
[SourceVersion "2"]
[SourceVersionDate "2009.03.25"]
[SourceQuality "1"]

1. e4 g6 2. d4 Bg7 3. Nc3 d6 4. f4 Nc6 5. Be3 Nf6 6. h3 0-0 7. g4 e5 8. dxe5 dxe5 9. f5 Qxd1+ 10. Rxd1 gxf5 11. exf5 Nd4 12. Bxd4 exd4 13. Rxd4 Re8+ 14. Kf2 Bf8 15. Rc4 c6 16. Bg2 Bd7 17. Nge2 Re5 18. Rd1 Rae8 19. Ng3 b5 20. Nce4 Nd5 21. Rxd5 cxd5 22. Nf6+ Kh8 23. Rc7 Rc8 24. Rxd7 Be7 25. Nxd5 Rxc2+ 26. Kf3 Bh4 27. f6 h5 28. gxh5 Bxg3 29. Ne7 Bh4 30. Rd8+ Kh7 31. Bf1 Rf2+ 32. Kg4 Re4# 0-1

[Event "Moscow op-B 04th"]
[Site "Moscow"]
[Date "2008.02.04"]
[Round "3"]
[White "Dragunov, Vladimir"]
[Black "Gorin, Alexandr"]
[Result "0-1"]
[WhiteElo "1964"]
[BlackElo "2134"]
[PlyCount "122"]
[EventDate "2008.02.02"]
[EventType "swiss"]
[EventRounds "9"]
[EventCountry "RUS"]
[SourceTitle "CBM 122 Extra"]
[Source "ChessBase"]
[SourceDate "2008.03.04"]
[SourceVersion "1"]
[SourceVersionDate "2008.03.04"]
[SourceQuality "1"]

1. d4 d5 2. c4 e6 3. Nf3 Nf6 4. Nc3 Be7 5. Bg5 c6 6. Bxf6 Bxf6 7. e4 0-0 8. e5 Be7 9. Bd3 dxc4 10. Bxc4 c5 11. d5 exd5 12. Bxd5 Nc6 13. Bxc6 Qxd1+ 14. Rxd1 bxc6 15. 0-0 Rb8 16. Rd2 Rd8 17. Rfd1 Rxd2 18. Rxd2 Be6 19. a3 Kf8 20. Kf1 h6 21. Ke2 f5 22. exf6 Bxf6 23. Ne4 Bxb2 24. Nxc5 Bc4+ 25. Kd1 Rb5 26. a4 Rxc5 27. Rxb2 Ra5 28. Rb4 Rxa4 29. Rb8+ Ke7 30. Ne5 Bb5 31. g3 Ra2 32. f4 Rxh2 33. Rb7+ Kd6 34. Rxa7 g5 35. Nf7+ Kc5 36. fxg5 hxg5 37. Nxg5 Rg2 38. Rg7 Kb4 39. Ne4 Kc4 40. Rd7 Kb3 41. Nd2+ Kc3 42. Ne4+ Kb3 43. Nd2+ Kb2 44. Ne4 Ba4+ 45. Ke1 Bc2 46. Rd2 Rg1+ 47. Kf2 Rh1 48. Kf3 Re1 49. Nc5 Rf1+ 50. Rf2 Rd1 51. g4 Rd5 52. Ne6 Kc3 53. Nf4 Re5 54. Ne2+ Kc4 55. Ng3 Bd3 56. Kf4 Re8 57. Nf5 Kc3 58. g5 Bxf5 59. Rf3+ Bd3 60. Rg3 Re6 61. Rf3 c5 0-1

[Event "Nizhnij Novgorod Dubinin Memorial 15th"]
[Site "Nizhnij Novgorod"]
[Date "2008.01.??"]
[Round "?"]
[White "Gorin, Alexandr"]
[Black "Rakov, Mikhail"]
[Result "1-0"]
[WhiteElo "2134"]
[BlackElo "1930"]
[PlyCount "61"]
[EventDate "2008.01.??"]
[EventType "swiss"]
[EventRounds "9"]
[EventCountry "RUS"]
[SourceTitle "CBM 122 Extra"]
[Source "ChessBase"]
[SourceDate "2008.03.04"]
[SourceVersion "1"]
[SourceVersionDate "2008.03.04"]
[SourceQuality "1"]

1. e4 c6 2. d4 d5 3. exd5 cxd5 4. c4 Nf6 5. Nc3 Nc6 6. Bg5 e6 7. Nf3 Bb4 8. Bd3 Qa5 9. 0-0 Bxc3 10. bxc3 Ne4 11. Bd2 Nxd2 12. Qxd2 0-0 13. cxd5 Qxd5 14. c4 Qa5 15. Qf4 h6 16. Rfe1 Rd8 17. Qe3 Qc7 18. a3 b6 19. d5 Na5 20. Rad1 Qc5 21. Qe4 f5 22. Qh4 Re8 23. Bxf5 Nxc4 24. Bg6 Re7 25. d6 Rd7 26. Rxe6 Bb7 27. Qf4 Rad8 28. Ne5 Nxe5 29. Rxe5 Qc6 30. f3 Rxd6 31. Rxd6 1-0

[Event "Nizhnij Novgorod Dubinin Memorial 15th"]
[Site "Nizhnij Novgorod"]
[Date "2008.01.??"]
[Round "?"]
[White "Vorontsov, Anatoly"]
[Black "Gorin, Alexandr"]
[Result "1-0"]
[WhiteElo "2152"]
[BlackElo "2134"]
[PlyCount "97"]
[EventDate "2008.01.??"]
[EventType "swiss"]
[EventRounds "9"]
[EventCountry "RUS"]
[SourceTitle "CBM 122 Extra"]
[Source "ChessBase"]
[SourceDate "2008.03.04"]
[SourceVersion "1"]
[SourceVersionDate "2008.03.04"]
[SourceQuality "1"]

1. e4 c6 2. d4 d5 3. e5 Bf5 4. Nc3 e6 5. g4 Bg6 6. Nge2 c5 7. h4 h6 8. h5 Bh7 9. Be3 Nc6 10. Qd2 Nge7 11. Bg2 cxd4 12. Bxd4 Nxd4 13. Nxd4 Nc6 14. 0-0-0 Nxd4 15. Qxd4 Be7 16. Be4 Bxe4 17. Nxe4 0-0 18. Ng3 Rc8 19. f3 Rc4 20. Qxc4 dxc4 21. Rxd8 Rxd8 22. Ne4 Bg5+ 23. Nxg5 hxg5 24. Rd1 Rc8 25. Rd7 Rc5 26. Rxb7 Rxe5 27. Rxa7 f5 28. Ra3 Rd5 29. Re3 Kf7 30. b4 cxb3 31. axb3 fxg4 32. fxg4 Rd4 33. Rg3 Kf6 34. c3 Re4 35. Kd2 Re5 36. Rf3+ Ke7 37. c4 Re4 38. Rg3 e5 39. Kd3 Rd4+ 40. Kc3 Rd1 41. c5 Ke6 42. Kc4 Rd4+ 43. Kc3 Rf4 44. b4 Re4 45. Rd3 Rxg4 46. c6 Rg1 47. Kb2 Rg2+ 48. Kb3 Rg1 49. Rc3 1-0

[Event "Riazan op"]
[Site "Riazan"]
[Date "2007.08.??"]
[Round "?"]
[White "Gorin, Alexandr"]
[Black "Tjurin, Viktor"]
[Result "1-0"]
[WhiteElo "2143"]
[BlackElo "2008"]
[PlyCount "21"]
[EventDate "2007.08.??"]
[EventType "swiss"]
[EventRounds "9"]
[EventCountry "RUS"]
[SourceTitle "EXT 2009"]
[Source "ChessBase"]
[SourceDate "2008.11.26"]
[SourceVersion "1"]
[SourceVersionDate "2008.11.26"]
[SourceQuality "1"]

1. e4 e5 2. Bc4 Nf6 3. d4 exd4 4. Nf3 h6 5. 0-0 d5 6. exd5 Nxd5 7. Qxd4 Be6 8. Re1 c6 9. Nc3 c5 10. Qxd5 Qxd5 11. Bxd5 1-0

[Event "Riazan op"]
[Site "Riazan"]
[Date "2007.08.??"]
[Round "?"]
[White "Morozov, Vladimir"]
[Black "Gorin, Alexandr"]
[Result "1/2-1/2"]
[WhiteElo "2140"]
[BlackElo "2143"]
[PlyCount "37"]
[EventDate "2007.08.??"]
[EventType "swiss"]
[EventRounds "9"]
[EventCountry "RUS"]
[SourceTitle "EXT 2009"]
[Source "ChessBase"]
[SourceDate "2008.11.26"]
[SourceVersion "1"]
[SourceVersionDate "2008.11.26"]
[SourceQuality "1"]

1. d4 Nf6 2. c4 g6 3. Nc3 d5 4. cxd5 Nxd5 5. g3 Bg7 6. Bg2 Nxc3 7. bxc3 c5 8. Nf3 Nc6 9. 0-0 cxd4 10. cxd4 Nxd4 11. Nxd4 Qxd4 12. Rb1 Qxd1 13. Rxd1 0-0 14. Ba3 Bf6 15. Bxb7 Rb8 16. Bxc8 Rxb1 17. Rxb1 Rxc8 18. Rc1 Rxc1+ 19. Bxc1 1/2-1/2